| Tag |
First Indicator |
Second Indicator |
Subfields |
| LEADER |
00000cam a2200000Ka 4500 |
| 001 |
in00002386821 |
| 005 |
20211129155459.0 |
| 006 |
m d f |
| 008 |
080103s2007 dcu s f000 0 eng d |
| 035 |
|
|
|a (OCoLC)ocn187086054
|
| 040 |
|
|
|a GPO
|c GPO
|d MvI
|d UtOrBLW
|
| 049 |
|
|
|a WWW
|
| 074 |
|
|
|a 1150-A-01 (online)
|
| 086 |
0 |
|
|a Y 3.M 46/3:15/07-5
|
| 245 |
0 |
0 |
|a Understanding temporal changes in and factors associated with SNF rates of community discharge and rehospitalization :
|b final report /
|c Andrew Kramer [and others].
|
| 246 |
3 |
|
|a Understanding temporal changes in and factors associated with skilled nursing facility rates of community discharge and rehospitalization
|
| 264 |
|
1 |
|a Washington, DC :
|b MedPAC,
|c [2007]
|
| 300 |
|
|
|a [ii], 32, 13 pages :
|b digital, PDF file.
|
| 336 |
|
|
|a text
|b txt
|2 rdacontent
|
| 337 |
|
|
|a computer
|b c
|2 rdamedia
|
| 338 |
|
|
|a unspecified
|b zu
|2 rdacarrier
|
| 490 |
1 |
|
|a [MedPAC contract research series] ;
|v 07-5
|
| 538 |
|
|
|a Mode of access: Internet via the MedPAC web site. Address as of 1/3/08: http://www.medpac.gov/documents/Jun07%5fSNF%5fcontractor%5fCC.pdf ; current access available via PURL.
|
| 500 |
|
|
|a Title from title screens (viewed Jan. 3, 2008).
|
| 500 |
|
|
|a "June 2007."
|
| 500 |
|
|
|a Electronic resource.
|
| 650 |
|
0 |
|a Medicare.
|
| 650 |
|
0 |
|a Nursing homes.
|
| 650 |
|
0 |
|a Hospitals
|x Admission and discharge.
|
| 700 |
1 |
|
|a Kramer, Andrew.
|
| 710 |
2 |
|
|a Medicare Payment Advisory Commission (U.S.)
|
| 830 |
|
0 |
|a MedPAC contract research series ;
|v 07-5.
|
| 856 |
4 |
0 |
|u https://purl.fdlp.gov/GPO/LPS89113
|t 0
|
| 999 |
|
|
|a MARS
|
| 999 |
f |
f |
|s 6313d19e-b668-311c-9389-bdc34879bfcc
|i 34be8d94-7143-39d8-aee6-e32bf0f1a624
|t 0
|
| 952 |
f |
f |
|a Texas A&M University
|b College Station
|c Electronic Resources
|d Available Online
|t 0
|e Y 3.M 46/3:15/07-5
|h Superintendent of Documents classification
|
| 998 |
f |
f |
|a Y 3.M 46/3:15/07-5
|t 0
|l Available Online
|